000 00485nam a22001817a 4500
005 20240902124144.0
008 240831b |||||||| |||| 00| 0 eng d
020 _a978-81-8473-192-7
041 _aeng
082 _a612 TAN
100 _aTANDON, O.P AND TRIPATHI, YOGESH
_98486
245 _aBEST & TAYLOR'S PHYSIOLOGICAL BASIS OF MEDICAL PRACTICE
250 _a13TH, ED. 2012
260 _aGURUGRAM
_bWOLTERS
_c2012
300 _a1283;P
650 _aBMLT
_98487
942 _cBK
999 _c8615
_d8613